000 00440nam a22001577a 4500
999 _c64141
_d64141
005 20181108133546.0
010 _aB-182709
020 _a8171824382
_c300.00
035 _aB-182706, B-182705, A-612918, B-182708, B-182709
037 _aDPL
_bENG
100 _aOsho
245 _aThe Great Challenge /
_cby Osho
260 _aNew Delhi
_bDiamond Books
_c2004
300 _a209p.
_c20 cms.
942 _2ddc
_cEN
_h181.499
_mOSH